000
00292nam a2200121 a 4500
008
100924s1986|||| d
245
1
0
_a
Nočné jazvy
100
1
_a
Farkašová, Etela
260
_b
Slovenský spisovateľ
_c
1986
_a
Bratislava
020
_c
13
044
_a
xo
_c
SK
041
_a
slo
999
_c
10675
_d
10675